000 00373nam a2200121Ia 4500
008 220216s9999 xx 000 0 und d
100 _aVan Meerbeek A
245 0 _aInfluence of mixing parameters on processing safety
260 _bProceedings of the International Rubber Conference, Venice, 1979; p586-595
650 _aCarbon black
700 _aRodger E R
942 _cJS
999 _c61266
_d61266